banner koha

Osteocondromatose em gato: relato de caso (Registro n. 300547)

MARC details
000 -LÍDER
fixed length control field 02610nab a2200373 i 4500
003 - CÓDIGO MARC DA AGÊNCIA CATALOGADORA
Campo de controle BR-BrBNA
005 - DATA E HORA DA ÚLTIMA ATUALIZAÇÃO
Campo de controle 20240716135238.0
008 - CAMPO DE TAMANHO FIXO
fixed length control field 240716b2017 bl.|r|pooa||| 00| 0 por |
040 ## - FONTE DA CATALOGAÇÃO
Agência catalogadora BR-BrBNA
Idioma da catalogação por
072 ## - CATEGORIA AGRIS
Código AGRIS L73
Código do objeto 5500
072 ## - CATEGORIA AGRIS
Código AGRIS L70
100 ## - ENTRADA PRINCIPAL - NOME PESSOAL
Nome pessoal Winter, S.
100 ## - ENTRADA PRINCIPAL - NOME PESSOAL
Nome pessoal Muller, T.R.
100 ## - ENTRADA PRINCIPAL - NOME PESSOAL
Nome pessoal Ferian, P.E.
100 ## - ENTRADA PRINCIPAL - NOME PESSOAL
Nome pessoal Souza, L.P.
100 ## - ENTRADA PRINCIPAL - NOME PESSOAL
Nome pessoal Luciani, M.G.
100 ## - ENTRADA PRINCIPAL - NOME PESSOAL
Nome pessoal Porto, C.
100 ## - ENTRADA PRINCIPAL - NOME PESSOAL
Nome pessoal Serakides, R.
100 ## - ENTRADA PRINCIPAL - NOME PESSOAL
Nome pessoal Mai, W.
245 ## - TÍTULO PRINCIPAL
Título principal Osteocondromatose em gato: relato de caso
500 ## - NOTA GERAL
Nota geral Publicação online; 6 ref.; Summaries (En, Pt)
942 ## - ADDED ENTRY ELEMENTS (KOHA)
Koha item type
520 ## - NOTA DE RESUMO
Nota de conteúdo <br/><br/>RESUMO - A osteocondromatose é caracterizada por nódulos únicos ou múltiplos decorrentes de um crescimento ósseo excessivo benigno. É encontrada em cães, gatos, equinos e humanos. Em felinos, tem maior incidência dos dois aos quatro anos de idade. A etiologia em gatos está relacionada ao vírus da leucemia felina, e também já foi encontrada relação com o fibrossarcoma. A manifestação clínica depende do local acometido e do tamanho da lesão. O diagnóstico definitivo é por meio de histopatologia e o prognóstico é desfavorável, pois ocorrem muitas recidivas. Este relato de caso objetiva descrever a apresentação dessa enfermidade em um felino jovem. <br/><br/><br/>Palavras-chave: felino, osteocondromatose, radiologia
520 ## - NOTA DE RESUMO
Nota de conteúdo <br/><br/>ABSTRACT - Osteochondromatosis is characterized by single or multiple nodules resulting from benign excessive bone growth. It is found in cats and dogs, horses and humans. In cats, a higher incidence is found in individuals from 2 to 4 years of age. The etiology in cats is related to the virus of feline leukemia, and is also related to fibrosarcoma. The clinical presentation depends on the area affected and the size of the lesion. The definitive diagnosis is by histopathology and the prognosis is poor because many relapses occur. This case report aims to describe the presentation of the disease in a young cat.<br/><br/><br/>Keywords: cat, osteochondromatosis, radiology
650 ## - ASSUNTO - THESAGRO
Cabeçalho tópico ou nome geográfico GATO
650 ## - ASSUNTO - THESAGRO
Cabeçalho tópico ou nome geográfico DOENÇA ANIMAL
650 ## - ASSUNTO - THESAGRO
Cabeçalho tópico ou nome geográfico OSSO
650 ## - ASSUNTO - THESAGRO
Cabeçalho tópico ou nome geográfico DIAGNÓSTICO
650 ## - ASSUNTO - THESAGRO
Cabeçalho tópico ou nome geográfico RADIOGRAFIA
650 ## - ASSUNTO - THESAGRO
Cabeçalho tópico ou nome geográfico VETERINÁRIA
773 0# - ENTRADA ANALÍTICA
Host Biblionumber 1643
Registro do item 316243
Imprenta Belo Horizonte-MG Universidade Federal de Minas Gerais - Escola de Veterinaria 1983
Outro identificador 2024-2644
Título Arquivo Brasileiro de Medicina Veterinária e Zootecnia (Brazil)
ISSN 0102-0935
Colação v. 69(5) p. 1152-1154; (2017)
Número de controle de registro BR2024002190
856 ## - ACESSO E ENDEREÇO ELETRÔNICO
Identificador uniforme de recurso - URI https://www.scielo.br/j/abmvz/a/g66wxtgLqyvdMCYcgY6ydYs/?format=pdf&lang=pt

Nenhum exemplar disponível.

BINAGRI

Telefone: (61)3218-2567/2388/3357/2097 - binagri@agro.gov.br

Ministério da Agricultura e Pecuária , Esplanada dos Ministérios, Bloco D, Anexo B, Brasília/DF, CEP: 70.043-900